Handbook on Molecular Biology/ (Record no. 203098)

MARC details
000 -LEADER
fixed length control field 00729nam a22002297a 4500
005 - DATE AND TIME OF LATEST TRANSACTION
control field 20240521130039.0
010 ## - LCCN (DPL NO)
LC control number ENG-140421
020 ## - INTERNATIONAL STANDARD BOOK NUMBER
International Standard Book Number 9789394609068
Terms of availability 100.00
035 ## - SYSTEM CONTROL NUMBER
System control number EN-123953
037 ## - SOURCE OF ACQUISITION
Source of stock number/acquisition DBAD
082 ## - DEWEY DECIMAL CLASSIFICATION NUMBER
Classification number 572.8
100 ## - MAIN ENTRY--PERSONAL NAME
Personal name Chandrika, A. Mary
245 ## - TITLE STATEMENT
Title Handbook on Molecular Biology/
Statement of responsibility, etc By A. Mary Chandrika...[et.al]
260 ## - PUBLICATION, DISTRIBUTION, ETC. (IMPRINT)
Place of publication, distribution, etc Tamil Nadu
Name of publisher, distributor, etc Department Of Biochemistry Sree Balaji Medical College & Hospital
Date of publication, distribution, etc 2022
270 ## - ADDRESS
Address Chromepet, Chennai
City Tamil Nadu
Postal code 600044
300 ## - PHYSICAL DESCRIPTION
Extent 42p.
Dimensions 24cm(pb)
700 ## - ADDED ENTRY--PERSONAL NAME
Personal name Shanthi, B
9 (RLIN) 66582
700 ## - ADDED ENTRY--PERSONAL NAME
Personal name Sumathi, K
9 (RLIN) 66583
700 ## - ADDED ENTRY--PERSONAL NAME
Personal name Sridevi, Chaganti
9 (RLIN) 66586
700 ## - ADDED ENTRY--PERSONAL NAME
Personal name Vasudeven, E
9 (RLIN) 66589
942 ## - ADDED ENTRY ELEMENTS (KOHA)
Source of classification or shelving scheme Dewey Decimal Classification
Item type English Books
Classification part 572.8
Call number suffix CHA
Holdings
Withdrawn status Lost status Not for loan Collection code Home library Current library Date acquired Source of acquisition Cost, normal purchase price Full call number Barcode Copy number Cost, replacement price Koha item type
      Non-fiction Patel Nagar Patel Nagar 21/05/2024 DBAD 100.00 572.8 CHA EN-123953 1 100.00 English Books

© Delhi Public Library
Hit Counter
free hit counter